[Event "Summer Team Tournament 2020"]
[Site "Skype"]
[Date "????.??.??"]
[Round "5"]
[White "Torres, Vicky"]
[Black "Rodriguez, Nathalie"]
[Result "0-1"]
[WhiteElo "1256"]
[BlackElo "1335"]
[PlyCount "32"]

1. c4 e5 2. Nc3 Nc6 3. e4 Nf6 4. d3 d6 5. Nf3 Be7 6. Be2 h6 7. O-O Nd4 8. a4
Nxe2+ 9. Qxe2 a6 10. d4 Nd7 11. dxe5 Nxe5 12. Bf4 Bf6 13. Rad1 Bd7 14. Bg3 O-O
15. h3 Re8 16. Qd3 Nxd3 0-1

[Event "Summer Team Tournament 2020"]
[Site "Skype"]
[Date "????.??.??"]
[Round "5"]
[White "Hargez, Dany"]
[Black "Zequeda, Javier"]
[Result "0-1"]
[WhiteElo "1177"]
[BlackElo "1000"]
[PlyCount "106"]

1. e4 c5 2. Nf3 d6 3. d4 cxd4 4. Nxd4 e5 5. Nf3 Be7 6. Bb5+ Bd7 7. Qd5 Nc6 8.
Bxc6 Bxc6 9. Qd3 Nf6 10. Nc3 O-O 11. Bg5 a6 12. Bxf6 Bxf6 13. h4 Qa5 14. h5 h6
15. g4 Bb5 16. Qd2 Rfd8 17. g5 hxg5 18. h6 gxh6 19. Rxh6 Kg7 20. Rh3 Kg6 21.
O-O-O Rh8 22. Rg3 Rh5 23. Qxd6 Rd8 24. Nxe5+ Kg7 25. Qa3 Rxd1+ 26. Nxd1 Qxa3
27. bxa3 Bxe5 28. Rb3 Bc6 29. f3 Rh1 30. Rd3 Bb5 31. Rd5 Bf4+ 32. Kb2 Rf1 33.
Nc3 Bc6 34. Rd3 Be5 35. Kb3 Rh1 36. Kc4 Rh3 37. a4 Bxc3 38. Rxc3 Bxa4 39. Kc5
Bc6 40. a3 Rh5 41. Kd4 Rh6 42. e5 Rh4+ 43. Ke3 Rf4 44. Kf2 Kg6 45. Rd3 Kf5 46.
Rd6 Rxf3+ 47. Ke1 Re3+ 48. Kd1 Rxe5 49. Rd2 Bf3+ 50. Kc1 g4 51. Rf2 Kf4 52. Kb2
g3 53. Rd2 g2 0-1

[Event "Summer Team Tournament 2020"]
[Site "Skype"]
[Date "????.??.??"]
[Round "5"]
[White "Vasquez, Alejandra"]
[Black "Le Bouill, Pierre"]
[Result "0-1"]
[WhiteElo "1000"]
[BlackElo "1308"]
[PlyCount "70"]

1. d4 Nf6 2. Nf3 d5 3. h3 h6 4. Nbd2 c6 5. e3 e6 6. Bd3 Bd6 7. O-O Nbd7 8. Re1
O-O 9. Nf1 Re8 10. Qe2 e5 11. c3 e4 12. N3h2 exd3 13. Qxd3 Qc7 14. f4 Nh5 15.
Bd2 b6 16. Rac1 Bb7 17. Qe2 Nhf6 18. Qf2 Ne4 19. Qh4 Qd8 20. Qxd8 Raxd8 21. Re2
Ba6 22. Ree1 Bxf1 23. Nxf1 Rc8 24. Re2 Be7 25. Be1 b5 26. a3 a5 27. g4 a4 28.
Rg2 f6 29. f5 Nb6 30. Kh1 Nc4 31. Rcc2 Nxa3 32. bxa3 Bxa3 33. Ra2 Bd6 34. Nd2
Nxc3 35. Rc2 Rxe3 0-1

[Event "Summer Team Tournament 2020"]
[Site "Skype"]
[Date "????.??.??"]
[Round "5"]
[White "Vervoort, Jean-Louis"]
[Black "Pantaleon, Julio"]
[Result "0-1"]
[WhiteElo "1180"]
[BlackElo "1000"]
[PlyCount "70"]

1. d4 Nf6 2. Bf4 d5 3. c3 Bf5 4. e3 e6 5. Nf3 Bd6 6. Bg3 Bxg3 7. hxg3 Nc6 8.
Bd3 Bxd3 9. Qxd3 Qd6 10. Nbd2 e5 11. dxe5 Nxe5 12. Nxe5 Qxe5 13. O-O-O O-O-O
14. Nf3 Qe8 15. Rde1 Ne4 16. Re2 f6 17. Rh4 Qa4 18. Kb1 h6 19. b3 Qa5 20. Nd4
Nxc3+ 21. Kb2 Nxe2 22. Qxe2 c5 23. Qg4+ Rd7 24. Ne6 g5 25. Rh5 Qd2+ 26. Ka3 b5
27. Nxc5 b4+ 28. Ka4 Qxa2+ 29. Kxb4 a5+ 30. Kb5 Rhd8 31. Rxh6 Kc7 32. Na6+ Kb7
33. Nc5+ Kc7 34. Nxd7 Qxb3+ 35. Ka6 Ra8# 0-1

[Event "Summer Team Tournament 2020"]
[Site "Skype"]
[Date "????.??.??"]
[Round "5"]
[White "Figueroa, Tomas"]
[Black "Khetre, Gaurav"]
[Result "1-0"]
[WhiteElo "2093"]
[BlackElo "1642"]
[PlyCount "39"]

1. d4 d5 2. c4 c6 3. Nc3 Nf6 4. Nf3 e6 5. Bg5 Nbd7 6. e3 Be7 7. Qc2 dxc4 8.
Bxc4 b5 9. Bd3 h6 10. Bh4 a6 11. O-O Bb7 12. Rfd1 c5 13. dxc5 Bxc5 14. Ne5 Be7
15. Bxf6 Bxf6 16. Nxd7 b4 17. Nxf6+ Qxf6 18. Qa4+ Kf8 19. Qxb4+ Qe7 20. Qb6 1-0

[Event "Summer Team Tournament 2020"]
[Site "Skype"]
[Date "????.??.??"]
[Round "5"]
[White "Bendre, Pankaj"]
[Black "Marino, Giuseppe"]
[Result "0-1"]
[WhiteElo "1438"]
[BlackElo "1465"]
[PlyCount "28"]

1. d4 b6 2. e4 Bb7 3. d5 c6 4. c4 g6 5. Nf3 Bg7 6. Qc2 h6 7. Bf4 d6 8. Nbd2 Nd7
9. Nb3 Rc8 10. Rb1 cxd5 11. exd5 Bxd5 12. Qd2 Bxc4 13. Bxc4 Rxc4 14. Qe2 Rxf4
0-1

[Event "Summer Team Tournament 2020"]
[Site "Skype"]
[Date "????.??.??"]
[Round "5"]
[White "Mantelli, Luca"]
[Black "Bankhede, Shivkumar"]
[Result "0-1"]
[WhiteElo "1388"]
[BlackElo "1388"]
[PlyCount "36"]

1. e4 e5 2. Nf3 Nc6 3. Bc4 h6 4. O-O Nf6 5. d4 exd4 6. e5 Ng4 7. h3 Ngxe5 8.
Nxe5 Nxe5 9. Re1 d6 10. f4 Be7 11. fxe5 dxe5 12. Rxe5 O-O 13. Rd5 Qe8 14. Kh1
c5 15. c3 b5 16. Be2 Bb7 17. Re5 Qd7 18. cxd4 Qxh3+ 0-1

[Event "Summer Team Tournament 2020"]
[Site "Skype"]
[Date "????.??.??"]
[Round "5"]
[White "Thavorath, Nirandas"]
[Black "Zanotti, Damiano"]
[Result "1-0"]
[WhiteElo "1000"]
[BlackElo "1000"]
[PlyCount "25"]

1. e4 Nf6 2. e5 Ng4 3. Qxg4 d6 4. Qg3 dxe5 5. Qxe5 Nc6 6. Bb5 Bd7 7. Qe4 a6 8.
Bc4 e6 9. Nf3 Be7 10. O-O O-O 11. d4 Na5 12. Bd3 Bc6 13. Qxh7# 1-0

[Event "Summer Team Tournament 2020"]
[Site "Skype"]
[Date "????.??.??"]
[Round "5"]
[White "Teles, Jeferson"]
[Black "Martinez Quintero, Javier"]
[Result "0-1"]
[WhiteElo "1622"]
[BlackElo "1773"]
[PlyCount "100"]

1. d4 Nf6 2. c4 e6 3. Nc3 d5 4. Nf3 Nbd7 5. Bg5 Be7 6. e3 O-O 7. Bd3 dxc4 8.
Bxc4 b6 9. O-O Bb7 10. Bxf6 Nxf6 11. Ne5 c5 12. Qa4 a6 13. Nc6 Qe8 14. Nxe7+
Qxe7 15. Qc2 cxd4 16. exd4 Rac8 17. Bd3 g6 18. Rfe1 Rfd8 19. d5 Nxd5 20. Be4
Nxc3 21. Bxb7 Qxb7 22. bxc3 Qc6 23. Re3 Rd5 24. Rc1 Rcd8 25. Re2 Rc5 26. Re3 b5
27. Rd3 Rxd3 28. Qxd3 Rd5 29. Qc2 Qc4 30. a3 Qd3 31. Qb3 Qd2 32. Qb1 Rd3 33. c4
bxc4 34. g3 Rb3 35. Qa1 Rb2 36. Rf1 c3 37. a4 Ra2 38. Qb1 Qb2 39. Qd1 c2 40.
Qd8+ Kg7 41. Qg5 Ra1 42. f4 Rxf1+ 43. Kg2 c1=Q+ 44. Kh3 Qcd2 45. Qe5+ Qxe5 46.
fxe5 Rh1 47. a5 Rxh2+ 48. Kg4 Qe2+ 49. Kf4 Rf2+ 50. Kg5 Qh5# 0-1

[Event "Summer Team Tournament 2020"]
[Site "Skype"]
[Date "????.??.??"]
[Round "5"]
[White "Leyton, Jairo"]
[Black "Lucena Vaz, Jose"]
[Result "1-0"]
[WhiteElo "1555"]
[BlackElo "1527"]
[PlyCount "89"]

1. Nf3 Nf6 2. b3 g6 3. Bb2 Bg7 4. e3 d6 5. d4 Nbd7 6. Be2 O-O 7. O-O Re8 8. c4
Ne4 9. Nc3 Ndc5 10. Rc1 Nxc3 11. Bxc3 Ne4 12. Bb2 c5 13. Qc2 Bf5 14. Bd3 d5 15.
cxd5 Qxd5 16. Bxe4 Bxe4 17. Qxc5 Qxc5 18. Rxc5 Bxf3 19. gxf3 e5 20. dxe5 b6 21.
Rd5 Rac8 22. Rfd1 Bf6 23. exf6 h5 24. Rc1 Kh7 25. Rd7 Rxc1+ 26. Bxc1 a6 27.
Rxf7+ Kg8 28. Rg7+ Kf8 29. Bb2 Rd8 30. f7 Rd7 31. Rxg6 Rxf7 32. Kg2 Rc7 33.
Rxb6 Rc2 34. Ba3+ Ke8 35. Rxa6 Rxa2 36. Ra7 Ra1 37. Bc5 Rxa7 38. Bxa7 Kd7 39.
Kh3 Kc6 40. b4 Kb5 41. Bc5 Kc6 42. Kh4 Kd5 43. Kxh5 Kc4 44. f4 Kb5 45. f5 1-0

[Event "Summer Team Tournament 2020"]
[Site "Skype"]
[Date "????.??.??"]
[Round "5"]
[White "Franca, Diego"]
[Black "Perez, Luis Horacio"]
[Result "1-0"]
[WhiteElo "1307"]
[BlackElo "1327"]
[PlyCount "67"]

1. d4 d5 2. c4 Bf5 3. Nc3 Nd7 4. Nxd5 c6 5. Nc3 Ngf6 6. Nf3 g6 7. Bg5 Bg7 8. e3
O-O 9. Bd3 Bg4 10. h3 Bxf3 11. Qxf3 Ne8 12. d5 Nc5 13. Bc2 cxd5 14. Qxd5 Ne6
15. Qxd8 Rxd8 16. Bxe7 Rc8 17. Bxf8 Kxf8 18. Bb3 a6 19. Rc1 Nc5 20. O-O Nd3 21.
Rc2 b5 22. cxb5 axb5 23. Nxb5 Rd8 24. Rd1 Nf6 25. Rcd2 Ne4 26. Rxd3 Rxd3 27.
Rxd3 Bxb2 28. Rd7 Ng5 29. Nc7 Bf6 30. a4 Bc3 31. h4 Ne6 32. Nxe6+ fxe6 33. Bxe6
Ke8 34. Rxh7 1-0

[Event "Summer Team Tournament 2020"]
[Site "Skype"]
[Date "????.??.??"]
[Round "5"]
[White "Chavez, Isidro"]
[Black "Amaral, Eliabe"]
[Result "1-0"]
[WhiteElo "1192"]
[BlackElo "1000"]
[PlyCount "73"]

1. d4 Nf6 2. Qd3 Nc6 3. Bf4 d6 4. Nc3 g6 5. d5 Nb4 6. Qb5+ c6 7. Qxb4 cxd5 8.
e3 a6 9. Bd3 Bg7 10. Na4 b5 11. Nc3 O-O 12. Nce2 Re8 13. Nf3 Nh5 14. c3 e5 15.
Bg5 Qc7 16. Bc2 Bb7 17. O-O Rac8 18. Rac1 Qd7 19. Bb1 Rc4 20. Qb3 Rec8 21. Rc2
Qf5 22. Bh4 d4 23. Rcc1 d3 24. Ng3 Qg4 25. Bxd3 R4c5 26. e4 d5 27. h3 Qd7 28.
Rfd1 Nf4 29. Bf1 Qe8 30. Bg5 dxe4 31. Nh4 Bd5 32. Qc2 Qc6 33. Be7 e3 34. fxe3
Rc4 35. Bxc4 Qxc4 36. exf4 Qc5+ 37. Bxc5 1-0

[Event "Summer Team Tournament 2020"]
[Site "Skype"]
[Date "????.??.??"]
[Round "5"]
[White "Ortega, Elvis"]
[Black "Altinok, Selim"]
[Result "0-1"]
[WhiteElo "1887"]
[BlackElo "1884"]
[PlyCount "108"]

1. d4 Nf6 2. c4 g6 3. Nc3 Bg7 4. e4 d6 5. Nf3 O-O 6. Be2 e5 7. O-O Nc6 8. d5
Ne7 9. Ne1 Nd7 10. Nd3 f5 11. Bd2 Nf6 12. f3 f4 13. c5 g5 14. Rc1 h5 15. cxd6
cxd6 16. Nf2 a6 17. a4 Bd7 18. Qb3 Rb8 19. Qa3 Nc8 20. h3 Rf7 21. a5 Bf8 22.
Na4 Rg7 23. Qb3 g4 24. fxg4 hxg4 25. hxg4 Nxg4 26. Nxg4 Bxg4 27. Bxg4 Rxg4 28.
Qh3 Rg6 29. Rf3 b5 30. axb6 Nxb6 31. Ba5 Rc8 32. Rfc3 Rxc3 33. Rxc3 Qd7 34.
Nxb6 Qg7 35. Nd7 Rh6 36. Qf5 Rg6 37. Qxf8+ Qxf8 38. Nxf8 Kxf8 39. Rc6 Ke7 40.
Rxa6 f3 41. Kf2 Rxg2+ 42. Kxf3 Rxb2 43. Bc7 Rb3+ 44. Kg4 Re3 45. Bxd6+ Kd7 46.
Kf5 Rh3 47. Kxe5 Rh5+ 48. Kd4 Rh6 49. e5 Rh4+ 50. Kc5 Rh1 51. e6+ Kc8 52. Kc6
Rc1+ 53. Bc5 Kb8 54. e7 Re1 0-1

[Event "Summer Team Tournament 2020"]
[Site "Skype"]
[Date "????.??.??"]
[Round "5"]
[White "Yardimci, Ertan"]
[Black "Lopez, Marco"]
[Result "1/2-1/2"]
[WhiteElo "1591"]
[BlackElo "1405"]
[PlyCount "33"]

1. d4 Nf6 2. Nf3 e6 3. c4 b6 4. Nc3 Ba6 5. e3 d5 6. Ne5 dxc4 7. Qa4+ Nfd7 8.
Bxc4 Bxc4 9. Nxd7 Nxd7 10. Qxc4 Be7 11. O-O O-O 12. Bd2 Rc8 13. Nb5 c5 14. Nxa7
Rc7 15. Nb5 Rc8 16. Na7 Rc7 17. Nb5 1/2-1/2

[Event "Summer Team Tournament 2020"]
[Site "Skype"]
[Date "????.??.??"]
[Round "5"]
[White "Sosa, Juan Carlos"]
[Black "Gokcek, Cagri"]
[Result "0-1"]
[WhiteElo "1000"]
[BlackElo "1202"]
[PlyCount "100"]

1. e4 e5 2. Nf3 Nc6 3. Nc3 Nf6 4. Bb5 a6 5. Bxc6 dxc6 6. O-O Bg4 7. h3 Bh5 8.
d3 Bc5 9. Bg5 O-O 10. Na4 Ba7 11. b4 Qd6 12. c4 b5 13. c5 Qe6 14. Nc3 a5 15. a3
Rad8 16. Rc1 h6 17. Bxf6 Qxf6 18. bxa5 Bxc5 19. Nxb5 cxb5 20. Rxc5 c6 21. Qe2
Qd6 22. Rfc1 f5 23. Rxc6 Qxa3 24. a6 Rxd3 25. Rc8 Bxf3 26. Rxf8+ Kxf8 27. Rc8+
Kf7 28. gxf3 fxe4 29. Rc7+ Kf6 30. fxe4 Rxh3 31. a7 Qa1+ 32. Qf1 Qxf1+ 33. Kxf1
Ra3 34. Kg2 b4 35. Rb7 b3 36. Rb6+ Kg5 37. Rb7 g6 38. f3 Ra2+ 39. Kh3 b2 40.
a8=Q Rxa8 41. Rxb2 h5 42. Rb5 Kf4 43. Rb3 g5 44. Kg2 Ra2+ 45. Kf1 h4 46. Ke1 h3
47. Rd3 h2 48. Rd2 Rxd2 49. Kxd2 h1=Q 50. Kd3 Qxf3+ 0-1

[Event "Summer Team Tournament 2020"]
[Site "Skype"]
[Date "????.??.??"]
[Round "5"]
[White "Cengiz, Ali Ekber"]
[Black "Yepez, German"]
[Result "0-1"]
[WhiteElo "1129"]
[BlackElo "1000"]
[PlyCount "84"]

1. e4 c5 2. Nf3 d6 3. Bc4 Nc6 4. Nc3 Nf6 5. Ng5 e6 6. d3 Be7 7. Bf4 Na5 8. Bb5+
Nc6 9. d4 a6 10. Bc4 Nxd4 11. O-O O-O 12. Nf3 b5 13. Be2 e5 14. Be3 Bb7 15. Nd2
Nxe2+ 16. Nxe2 Nxe4 17. Nxe4 Bxe4 18. Ng3 Bg6 19. f4 exf4 20. Bxf4 Qb6 21. Be3
Rad8 22. Qd5 Qb8 23. c3 a5 24. b3 Qc7 25. Bd2 Bf6 26. Rae1 Rfe8 27. Rxe8+ Rxe8
28. Re1 Kf8 29. Rxe8+ Kxe8 30. Ne4 Kd7 31. Be3 Ke7 32. Bf4 Bxe4 33. Qxe4+ Be5
34. g3 g6 35. h4 f5 36. Qe3 Kf7 37. h5 Bxf4 38. hxg6+ hxg6 39. Qxf4 Kg7 40. Kf2
Qe7 41. Qe3 Qxe3+ 42. Kxe3 g5 0-1

[Event "Summer Team Tournament 2020"]
[Site "Skype"]
[Date "????.??.??"]
[Round "5"]
[White "Mayor Martinez, Juan Jose"]
[Black "Melle, Ezio"]
[Result "0-1"]
[WhiteElo "1882"]
[BlackElo "1659"]
[PlyCount "68"]

1. d4 d5 2. Nf3 Nf6 3. e3 g6 4. c3 Bg7 5. Bd3 O-O 6. O-O Nbd7 7. Nbd2 b6 8. Qc2
Bb7 9. Re1 c5 10. b3 e5 11. dxe5 Ng4 12. Bb2 Ngxe5 13. Be2 Qe7 14. Nxe5 Nxe5
15. Nf3 Rad8 16. Rad1 c4 17. Nxe5 Bxe5 18. Bf3 Qc7 19. g3 d4 20. Bxb7 d3 21.
Qc1 Qxb7 22. bxc4 Qe4 23. Rd2 Qxc4 24. Qa1 b5 25. a3 Rfe8 26. Red1 Re6 27. Qb1
Red6 28. Rc1 a5 29. Ba1 h5 30. f4 Bf6 31. Kf2 Be7 32. Qb2 Re6 33. Re1 Bc5 34.
Qc1 Rde8 0-1

[Event "Summer Team Tournament 2020"]
[Site "Skype"]
[Date "????.??.??"]
[Round "5"]
[White "Garganese, Paolo"]
[Black "Solis, Manuel"]
[Result "1-0"]
[WhiteElo "1461"]
[BlackElo "1481"]
[PlyCount "75"]

1. e4 c5 2. Nc3 g6 3. f4 Bg7 4. Nf3 d6 5. Bc4 Nc6 6. O-O Qc7 7. d3 Nf6 8. Nd5
Nxd5 9. Bxd5 e6 10. Bxc6+ bxc6 11. f5 exf5 12. exf5 O-O 13. fxg6 fxg6 14. Ng5
Bd4+ 15. Kh1 Bd7 16. c3 Rxf1+ 17. Qxf1 Rf8 18. Qe1 Be5 19. Be3 Bf5 20. Qe2 Qe7
21. Re1 Bf6 22. g4 Bd7 23. Ne4 Bh4 24. Bf2 Bxf2 25. Nxf2 Qxe2 26. Rxe2 d5 27.
Kg2 Kg7 28. Kg3 g5 29. h4 h6 30. hxg5 hxg5 31. Nh3 Kf6 32. Rf2+ Ke7 33. Rxf8
Kxf8 34. Nxg5 Kg7 35. Kf4 Kg6 36. Nf3 c4 37. d4 Be6 38. Ne5+ 1-0

[Event "Summer Team Tournament 2020"]
[Site "Skype"]
[Date "????.??.??"]
[Round "5"]
[White "Luna, Lorenzo"]
[Black "Ibanez, Bittor"]
[Result "1-0"]
[WhiteElo "1341"]
[BlackElo "1000"]
[PlyCount "109"]

1. e4 e5 2. Nf3 d6 3. Bc4 Bg4 4. Nc3 Nf6 5. d3 c6 6. a4 Nbd7 7. Be3 d5 8. exd5
Nxd5 9. Nxd5 cxd5 10. Bxd5 Nc5 11. Bxf7+ Kxf7 12. Nxe5+ Ke6 13. Nxg4 h5 14.
Bxc5 Bxc5 15. Qe2+ Kd5 16. Qe4+ Kd6 17. Qf4+ Kc6 18. Ne5+ Kb6 19. Nc4+ Kc6 20.
Qf3+ Kc7 21. Qf7+ Qe7+ 22. Qxe7+ Bxe7 23. O-O Rhf8 24. Rfe1 Bc5 25. Re2 Rae8
26. Rxe8 Bxf2+ 27. Kf1 Rxe8 28. Kxf2 g5 29. Re1 Rf8+ 30. Kg1 Kc6 31. Re5 Rg8
32. Kf2 h4 33. Ne3 Kd6 34. Ng4 Rf8+ 35. Ke2 Rf4 36. Re4 Rf5 37. Rd4+ Kc5 38.
Rc4+ Kd6 39. Re4 b5 40. axb5 Rxb5 41. b3 a5 42. Ne3 Kc5 43. Rc4+ Kd6 44. Ng4
Kd5 45. Nf6+ Ke6 46. Ng4 Kd5 47. Re4 Rc5 48. Re5+ Kd4 49. Rxc5 Kxc5 50. Ke3 Kb4
51. Kd4 Kb5 52. h3 Kb4 53. Nf6 Kb5 54. Ne4 Kb4 55. Nxg5 1-0

[Event "Summer Team Tournament 2020"]
[Site "Skype"]
[Date "????.??.??"]
[Round "5"]
[White "Abate, Luigi"]
[Black "Ruiz Aguilera, Juan Jesus"]
[Result "1/2-1/2"]
[WhiteElo "1134"]
[BlackElo "1083"]
[PlyCount "52"]

1. d4 d5 2. c4 c6 3. cxd5 cxd5 4. Nc3 e6 5. Bg5 Be7 6. Nb5 Bxg5 7. Nf3 a6 8.
Nc7+ Qxc7 9. Nxg5 h6 10. Nf3 Nf6 11. Rc1 Nc6 12. e3 O-O 13. Bd3 Qb6 14. Qd2 Qb4
15. O-O Qxd2 16. Nxd2 Nb4 17. Rc3 Nxd3 18. Rxd3 Bd7 19. Rc1 Rac8 20. Rdc3 Rxc3
21. Rxc3 Ne4 22. Nxe4 dxe4 23. Rc7 Bc8 24. a3 Rd8 25. h3 Rd7 26. Rxc8+ Kh7
1/2-1/2

[Event "Summer Team Tournament 2020"]
[Site "Skype"]
[Date "????.??.??"]
[Round "5"]
[White "Farthouat, Titoine"]
[Black "Ambrosino, Theo"]
[Result "1-0"]
[WhiteElo "1843"]
[BlackElo "1684"]
[PlyCount "57"]

1. e4 d5 2. exd5 Qxd5 3. Nc3 Qa5 4. d4 Nf6 5. Bc4 Bf5 6. Bd2 c6 7. d5 Qc5 8.
dxc6 Nxc6 9. Bb3 e6 10. Be3 Qa5 11. Nge2 Bc5 12. Bxc5 Qxc5 13. O-O Rd8 14. Qc1
O-O 15. Na4 Qe5 16. Re1 Nd4 17. Nac3 Ng4 18. Ng3 Qc5 19. Nce4 Qc7 20. c3 Nxb3
21. axb3 Rd3 22. h3 Nh6 23. Rd1 Rxd1+ 24. Qxd1 Rd8 25. Qe2 Qf4 26. Rd1 Rxd1+
27. Qxd1 g6 28. Nf6+ Kg7 29. Ngh5+ 1-0

[Event "Summer Team Tournament 2020"]
[Site "Skype"]
[Date "????.??.??"]
[Round "5"]
[White "Amato, Ludovica"]
[Black "Thoune, Jim"]
[Result "1/2-1/2"]
[WhiteElo "1402"]
[BlackElo "1589"]
[PlyCount "67"]

1. e4 c6 2. d4 d5 3. Nc3 e6 4. a3 Nf6 5. f3 Be7 6. Nge2 O-O 7. Ng3 Nbd7 8. Be2
a6 9. O-O Qc7 10. Be3 Rd8 11. Qd2 e5 12. exd5 exd4 13. Bxd4 c5 14. Be3 Nb6 15.
Bf4 Bd6 16. Bxd6 Rxd6 17. Nge4 Nxe4 18. fxe4 Rh6 19. Qf4 Qxf4 20. Rxf4 Bd7 21.
Rd1 Rd8 22. Rd3 Nc8 23. Rg3 Ne7 24. Bg4 Ng6 25. Rf2 Ne5 26. Bxd7 Rxd7 27. b3 b5
28. Rf5 f6 29. Ne2 Kf7 30. Nf4 g6 31. Nxg6 hxg6 32. Rf2 Rh4 33. Re2 Rd8 34. h3
1/2-1/2

[Event "Summer Team Tournament 2020"]
[Site "Skype"]
[Date "????.??.??"]
[Round "5"]
[White "Gerbaux, Regis"]
[Black "Pirola, Gabriele"]
[Result "0-1"]
[WhiteElo "1334"]
[BlackElo "1000"]
[PlyCount "84"]

1. Nf3 Nf6 2. d4 d5 3. Bf4 g6 4. e3 Bg7 5. c3 O-O 6. Nbd2 c6 7. Bd3 Nbd7 8. Ne5
Nxe5 9. dxe5 Nd7 10. Nf3 Nc5 11. Bc2 Bg4 12. h3 Bxf3 13. Qxf3 Nd7 14. Qg3 e6
15. h4 h6 16. Bxh6 Bxh6 17. Bxg6 fxg6 18. Qxg6+ Bg7 19. h5 Nxe5 20. Qxe6+ Rf7
21. h6 Qf6 22. hxg7 Kxg7 23. Qxf6+ Rxf6 24. O-O-O Rxf2 25. Rh2 Raf8 26. Rhh1
Rxg2 27. e4 Ng4 28. Rd4 Nf2 29. Rd2 Nxh1 30. Rxg2+ Kf6 31. Rh2 Ng3 32. Rf2+ Ke6
33. exd5+ Ke7 34. d6+ Kxd6 35. Rf6+ Kc7 36. Rf7+ Kc8 37. Kd2 Ne4+ 38. Ke3 Nc5
39. Rf5 Na4 40. Ra5 Nxb2 41. Rxa7 Kb8 42. Ra5 Nc4+ 0-1

[Event "Summer Team Tournament 2020"]
[Site "Skype"]
[Date "????.??.??"]
[Round "5"]
[White "More, Sanskruti"]
[Black "Barba, Julio Cesar"]
[Result "1-0"]
[WhiteElo "1000"]
[BlackElo "1000"]
[PlyCount "49"]

1. e4 e5 2. Nf3 Nc6 3. Bc4 Nf6 4. d3 Bc5 5. h3 O-O 6. O-O d5 7. exd5 Nxd5 8. c3
Be6 9. Nbd2 Qe7 10. Re1 Nf4 11. d4 Bxc4 12. Nxc4 Bb6 13. Bxf4 Rad8 14. Ncxe5
Nxe5 15. Rxe5 Qf6 16. Bg5 Qd6 17. Bxd8 Rxd8 18. Qb3 c6 19. Rae1 h6 20. Re8+ Kh7
21. Qxf7 Rxe8 22. Rxe8 Qc7 23. Qg8+ Kg6 24. Re6+ Kf5 25. g4+ 1-0

[Event "Summer Team Tournament 2020"]
[Site "Skype"]
[Date "????.??.??"]
[Round "5"]
[White "Montenegro, Juan Carlos"]
[Black "Lovell, Stan"]
[Result "1/2-1/2"]
[WhiteElo "1810"]
[BlackElo "1634"]
[PlyCount "86"]

1. e4 d6 2. d4 Nf6 3. Bd3 Nbd7 4. c4 e5 5. d5 Be7 6. Nc3 O-O 7. Nf3 h6 8. h3
Re8 9. Be3 Nh7 10. Qd2 Ndf8 11. O-O-O c6 12. Kb1 a6 13. g4 cxd5 14. Nxd5 Ne6
15. Bc2 b5 16. cxb5 axb5 17. Nxe7+ Rxe7 18. Qxd6 Rd7 19. Qb6 Qf6 20. Rxd7 Bxd7
21. Qb7 Rd8 22. Nd2 Nd4 23. Bxd4 exd4 24. Rf1 Bc6 25. Qc7 d3 26. Bb3 Rd7 27.
Qg3 Ng5 28. e5 Qe7 29. f3 Ne6 30. Bxe6 Qxe6 31. Rc1 Ra7 32. b3 Qd7 33. f4 Qb7
34. Qxd3 Qa6 35. Rc2 Rd7 36. Qe2 Qb7 37. e6 Re7 38. exf7+ Kxf7 39. Qd3 Kg8 40.
Kb2 Rd7 41. Qc3 Rd6 42. Nf3 Bxf3 43. Qxf3 Qxf3 1/2-1/2

[Event "Summer Team Tournament 2020"]
[Site "Skype"]
[Date "????.??.??"]
[Round "5"]
[White "Rodgerson, Michael"]
[Black "Mitrani, Alberto"]
[Result "0-1"]
[WhiteElo "1000"]
[BlackElo "1428"]
[PlyCount "42"]

1. e4 d6 2. Bc4 Nf6 3. Nc3 g6 4. Nf3 Bg7 5. d4 Nxe4 6. Nxe4 d5 7. Bxd5 Qxd5 8.
O-O Qxe4 9. Nd2 Qxd4 10. Nb3 Qxd1 11. Rxd1 Nc6 12. Nd4 Nxd4 13. Bf4 Ne2+ 14.
Kf1 Nxf4 15. c4 Bf5 16. Re1 Bd3+ 17. Kg1 Bxb2 18. Rad1 Rd8 19. Rb1 Bxb1 20.
Rxb1 O-O 21. Rxb2 Rd1# 0-1

[Event "Summer Team Tournament 2020"]
[Site "Skype"]
[Date "????.??.??"]
[Round "5"]
[White "Maccaferri, Massimo"]
[Black "Latterra, Jeremias"]
[Result "1-0"]
[WhiteElo "1152"]
[BlackElo "1065"]
[PlyCount "49"]

1. g4 d5 2. e3 h6 3. h4 Nf6 4. g5 hxg5 5. Nf3 Bg4 6. Bh3 Bxh3 7. Rxh3 g4 8. Rh1
gxf3 9. Qxf3 Nc6 10. d4 e6 11. Nc3 Nb4 12. Kd2 Ne4+ 13. Nxe4 f5 14. Nc3 Rxh4
15. Rg1 Qf6 16. Nb5 O-O-O 17. Nxa7+ Kb8 18. Nb5 g5 19. e4 dxe4 20. Qe3 c6 21.
Nc3 c5 22. Qxg5 Qxd4+ 23. Ke2 Rh2 24. Be3 Qg7 25. Qxd8+ 1-0

[Event "Summer Team Tournament 2020"]
[Site "Skype"]
[Date "????.??.??"]
[Round "5"]
[White "Montalvo, Mario"]
[Black "Segura Lozano, Marcos Antonio"]
[Result "1-0"]
[WhiteElo "1707"]
[BlackElo "1808"]
[PlyCount "75"]

1. c4 Nf6 2. d3 c5 3. g3 Nc6 4. Bg2 g6 5. Nc3 Bg7 6. e4 d6 7. Nge2 O-O 8. O-O
Bg4 9. f3 Bd7 10. Be3 Rc8 11. Qd2 Re8 12. h3 a6 13. f4 e5 14. f5 Qa5 15. g4 Nd4
16. Ng3 Bc6 17. g5 Nd7 18. Qf2 Nf8 19. f6 Bh8 20. Nd5 Bxd5 21. exd5 b5 22. Ne4
Red8 23. Bxd4 cxd4 24. b3 Qb6 25. h4 Rc7 26. Bh3 Qa7 27. a4 bxc4 28. bxc4 Qb8
29. Rab1 Rb7 30. Qc2 Qc7 31. Rxb7 Qxb7 32. Rb1 Qc7 33. Qb2 Nd7 34. Qb7 Qxb7 35.
Rxb7 Nc5 36. Nxc5 dxc5 37. Rc7 h6 38. Rc8 1-0

[Event "Summer Team Tournament 2020"]
[Site "Skype"]
[Date "????.??.??"]
[Round "5"]
[White "Salazar Ticeran, Antonio"]
[Black "Rodriguez, Erick"]
[Result "1-0"]
[WhiteElo "1589"]
[BlackElo "1000"]
[PlyCount "69"]

1. e4 e5 2. Nf3 d5 3. exd5 e4 4. Nd4 Qxd5 5. c3 Bc5 6. Nc2 Nf6 7. b4 Bb6 8. c4
Qe5 9. Nc3 c6 10. Bb2 Qf5 11. Qe2 Nbd7 12. c5 Bc7 13. Ne3 Qe6 14. f3 exf3 15.
gxf3 Be5 16. h4 Bg3+ 17. Kd1 O-O 18. Bh3 Qe7 19. Rg1 Bxh4 20. Rxg7+ Kxg7 21.
Nf5+ Kh8 22. Qxe7 Re8 23. Qxf7 Rg8 24. Ne4 Rg6 25. Nxh4 Rg7 26. Qc4 h6 27. Nxf6
Nxf6 28. Bxc8 Rxc8 29. Bxf6 Rcc7 30. Bxg7+ Rxg7 31. Kc2 b5 32. cxb6 axb6 33.
Qc3 Kg8 34. Nf5 Rg6 35. Ne7+ 1-0

[Event "Summer Team Tournament 2020"]
[Site "Skype"]
[Date "????.??.??"]
[Round "5"]
[White "Conde, Carmen"]
[Black "Scata, Laura"]
[Result "0-1"]
[WhiteElo "1214"]
[BlackElo "1273"]
[PlyCount "68"]

1. d4 c6 2. Bf4 Nf6 3. Nd2 d5 4. e3 Bf5 5. c3 e6 6. Be2 Bd6 7. Bg3 Qc7 8. Ngf3
Nbd7 9. Ne4 Nxe4 10. Bd3 Ndf6 11. Ne5 Nxg3 12. hxg3 Bxd3 13. Qxd3 Bxe5 14. dxe5
Qxe5 15. Rh4 Qf5 16. Qxf5 exf5 17. O-O-O Ne4 18. Rf4 g6 19. a4 O-O 20. c4 Rfd8
21. c5 b6 22. b4 bxc5 23. Kc2 cxb4 24. Kb3 a5 25. Rc1 Rdc8 26. Rh4 Nxf2 27. Rc2
Ng4 28. Re2 Re8 29. Re1 Rxe3+ 30. Rxe3 Nxe3 31. Rh1 c5 32. Re1 d4 33. Kb2 c4
34. Rc1 Rc8 0-1

[Event "Summer Team Tournament 2020"]
[Site "Skype"]
[Date "????.??.??"]
[Round "5"]
[White "Rivalta, Paolo"]
[Black "Conde, Abigail"]
[Result "1-0"]
[WhiteElo "1095"]
[BlackElo "1196"]
[PlyCount "35"]

1. e4 e5 2. Nf3 d6 3. Bc4 h6 4. Nc3 a6 5. O-O b5 6. Bb3 c5 7. d4 c4 8. a4 cxb3
9. axb5 Nd7 10. cxb3 Qf6 11. Re1 exd4 12. Nxd4 Bb7 13. Qe2 Qg6 14. bxa6 Nc5 15.
axb7 Nxb7 16. Rxa8+ Ke7 17. Nd5+ Kd7 18. Qb5# 1-0

[Event "Summer Team Tournament 2020"]
[Site "Skype"]
[Date "????.??.??"]
[Round "5"]
[White "Mulrooney, Justin"]
[Black "Deville, Olivier"]
[Result "0-1"]
[WhiteElo "1635"]
[BlackElo "2023"]
[PlyCount "50"]

1. e4 c5 2. Nc3 Nc6 3. Bc4 e6 4. a3 Nf6 5. f4 d5 6. exd5 exd5 7. Qe2+ Be7 8.
Ba2 Nd4 9. Qd1 Bg4 10. Nge2 O-O 11. O-O Re8 12. d3 Bf8 13. Re1 Qe7 14. Kf1 Nf5
15. Bxd5 Ne3+ 16. Bxe3 Qxe3 17. Be4 Bxe2+ 18. Rxe2 Qxf4+ 19. Rf2 Qxh2 20. Ne2
Ng4 21. Rf3 Qh1+ 22. Ng1 Nh2+ 23. Kf2 Nxf3 24. Qxf3 Qh4+ 25. Kf1 Qf6 0-1